ბათუმის შოთა რუსთაველის სახელმწიფო უნივერსიტეტის ბიბლიოთეკა

ვაზის დაცვა მავნე ორგანიზმებისაგან. (ბიბ.ჩანაწერი № 35400)

000 -LEADER
fixed length control field 00774nam a2200241Ia 4500
001 - CONTROL NUMBER
control field 1254
003 - CONTROL NUMBER IDENTIFIER
control field GE_BSU
008 - FIXED-LENGTH DATA ELEMENTS--GENERAL INFORMATION
fixed length control field 181216s||||||||xx |||||||||||||| ||und||
020 ## - INTERNATIONAL STANDARD BOOK NUMBER
International Standard Book Number 9789941907432
040 ## - CATALOGING SOURCE
Transcribing agency GE_BSU
080 ## - UNIVERSAL DECIMAL CLASSIFICATION NUMBER
Universal Decimal Classification number 632.9
100 ## - MAIN ENTRY--PERSONAL NAME
Personal name ალექსიძე გურამ.
245 ## - TITLE STATEMENT
Title ვაზის დაცვა მავნე ორგანიზმებისაგან.
245 ## - TITLE STATEMENT
Statement of responsibility, etc. რედ.ალექსიძე გურამ.
260 ## - PUBLICATION, DISTRIBUTION, ETC.
Place of publication, distribution, etc. თბილისი.
260 ## - PUBLICATION, DISTRIBUTION, ETC.
Name of publisher, distributor, etc. ლეგა.
260 ## - PUBLICATION, DISTRIBUTION, ETC.
Date of publication, distribution, etc. 2009.
300 ## - PHYSICAL DESCRIPTION
Extent 115 გვ. 20სმ.
653 ## - INDEX TERM--UNCONTROLLED
Uncontrolled term ვაზი.
653 ## - INDEX TERM--UNCONTROLLED
Uncontrolled term ვაზის დაცვა მავნე ორგანიზმებისაგან.
942 ## - ADDED ENTRY ELEMENTS (KOHA)
Koha item type წიგნი
ეგზემპლარები
Withdrawn status Lost status Damaged status Not for loan Date acquired Barcode Date last seen Price effective from Koha item type
        2018-12-17 2815 2018-12-17 2018-12-17 წიგნი